|
|
|
|
| LEADER |
01666nam a2200397 i 4500 |
| 001 |
EBC5625506 |
| 003 |
MiAaPQ |
| 005 |
20200520144314.0 |
| 006 |
m o d | |
| 007 |
cr cnu|||||||| |
| 008 |
190117s2018 ne o 000 0 eng d |
| 020 |
|
|
|z 9789462983298
|
| 020 |
|
|
|a 9789048533381 (e-book)
|
| 035 |
|
|
|a (MiAaPQ)EBC5625506
|
| 035 |
|
|
|a (Au-PeEL)EBL5625506
|
| 035 |
|
|
|a (CaPaEBR)ebr11641762
|
| 035 |
|
|
|a (OCoLC)1080190713
|
| 040 |
|
|
|a MiAaPQ
|b eng
|e rda
|e pn
|c MiAaPQ
|d MiAaPQ
|
| 050 |
|
4 |
|a HF481
|b .D883 2018
|
| 082 |
0 |
|
|a 338.88
|2 23
|
| 245 |
0 |
4 |
|a The Dutch and English East India Companies :
|b diplomacy, trade and violence in early modern Asia /
|c edited by Adam Clulow and Tristan Mostert.
|
| 264 |
|
1 |
|a Amsterdam :
|b Amsterdam University Press,
|c [2018]
|
| 264 |
|
4 |
|c 2018
|
| 300 |
|
|
|a 1 online resource (263 pages)
|
| 336 |
|
|
|a text
|b txt
|2 rdacontent
|
| 337 |
|
|
|a computer
|b c
|2 rdamedia
|
| 338 |
|
|
|a online resource
|b cr
|2 rdacarrier
|
| 588 |
|
|
|a Description based on print version record.
|
| 590 |
|
|
|a Electronic reproduction. Ann Arbor, MI : ProQuest, 2018. Available via World Wide Web. Access may be limited to ProQuest affiliated libraries.
|
| 650 |
|
0 |
|a Colonial companies
|x History.
|
| 655 |
|
4 |
|a Electronic books.
|
| 700 |
1 |
|
|a Clulow, Adam,
|e editor.
|
| 700 |
1 |
|
|a Mostert, Tristan,
|e editor.
|
| 776 |
0 |
8 |
|i Print version:
|t Dutch and English East India Companies : diplomacy, trade and violence in early modern Asia.
|d Amsterdam : Amsterdam University Press, c2018
|h 263 pages
|z 9789462983298
|
| 797 |
2 |
|
|a ProQuest (Firm)
|
| 856 |
4 |
0 |
|u https://ebookcentral.proquest.com/lib/matrademy/detail.action?docID=5625506
|z Click to View
|